Legal or illegal právno-teoretické východiská a aplikačné problémy nelegálnej práce a nelegálneho zamestnávania v Slovenskej republike

Podrobná bibliografia
Hlavný autor: Hamuľák, Juraj, 1982- (Autor)
Korporatívny autor: Univerzita Komenského v Bratislave. Právnická fakulta (Autor)
Médium: Kniha
Jazyk:slovenčina
Fyzický popis:139 strán 21 cm
Vydavateľské údaje: Bratislava Wolters Kluwer Univerzita Komenského, Právnická fakulta 2017
ISBN:9788081686887
9788071604402
Vydanie:1. vydanie
Edícia:Monografie
Predmet:

MARC

LEADER 00000cam a2200000 4500
001 vtls011714064
003 SK-MaSNL
005 20260426015935.0
008 200205s2017 xo frn 000 0dslo
015 |a SNBA2018/10 
020 |a 9788081686887  |q (Wolters Kluwer ;  |q brožované) 
020 |a 9788071604402  |q (Právnická fakulta UK ;  |q brožované) 
035 |a urn:nbn:sk:snk-am00d6mf 
035 |a urn:nbn:sk:snk-am3hrf8 
035 |a 5CDA816E-D1D3-40AA-820D-004B1C4135B0 
040 |a SNK  |b slo  |c SNK  |e rda 
041 0 |a slo 
043 |a e-xo--- 
044 |a xo  |c SK 
072 7 |a 349  |x Pracovné, sociálne, stavebné právo. Právo životného prostredia  |2 konspekt 
080 |a 331.526-027.583  |2 2011 
080 |a (437.6)  |2 2011 
080 |a (048.8)  |2 2011 
080 |a 349.2  |2 2011 
100 1 |a Hamuľák, Juraj,  |d 1982-  |4 aut  |9 170598 
245 1 0 |a Legal or illegal  |b právno-teoretické východiská a aplikačné problémy nelegálnej práce a nelegálneho zamestnávania v Slovenskej republike  |c Juraj Hamuľák 
246 3 0 |a Právno-teoretické východiská a aplikačné problémy nelegálnej práce a nelegálneho zamestnávania v Slovenskej republike 
250 |a 1. vydanie 
264 1 |a Bratislava  |b Wolters Kluwer  |b Univerzita Komenského, Právnická fakulta  |c 2017 
300 |a 139 strán  |c 21 cm 
336 |a text  |b txt  |2 rdacontent 
337 |a bez média  |b n  |2 rdamedia 
338 |a zväzok  |b nc  |2 rdacarrier 
490 1 |a Monografie 
500 |a Obsahuje biografické údaje o autorovi na strane 139 
504 |a Bibliografia na strane 126-138; bibliografické odkazy 
650 0 7 |a nelegálne zamestnanie  |2 SNKPH  |9 4932 
650 0 7 |a nelegálna práca  |2 SNKPH  |9 2372 
650 0 7 |a pracovné právo  |2 SNKPH  |9 982 
650 0 7 |a Illegal work  |2 SNKPHeng  |9 329592 
650 0 7 |a Labor laws and legislation  |2 SNKPHeng  |9 266962 
651 7 |a Slovensko  |2 SNKPHgeo  |9 14231 
651 7 |a Slovakia  |2 SNKPHeng  |9 92630 
655 7 |a monografie  |2 SNKPH  |9 70139 
655 7 |a Monographs  |2 SNK  |9 120675 
710 2 |a Univerzita Komenského v Bratislave.  |b Právnická fakulta  |4 aut 
810 2 |a Univerzita Komenského v Bratislave.  |b Právnická fakulta  |t Monografie  |9 424729 
919 |a 978-80-8168-688-7 
919 |a 978-80-7160-440-2 
958 |a NB 
958 |a BX 
999 |c 1198056  |d 1199986 
952 |a SNK  |b SNK  |y PREZ  |7 0  |p 17A1337238  |o snkSC 181086  |i snk2018/20533  |8 0  |0 0  |1 0  |4 0  |d 2018-10-10  |f 1  |l 0  |r 2026-02-24 22:32:48  |w 2026-02-24 
952 |a SNK  |b SNK  |y VYP  |7 0  |p 17A1337239  |o snkSC 181086 D1  |i snk2018/20535  |8 0  |0 0  |1 0  |4 0  |d 2018-10-10  |l 0  |r 2026-02-24 22:32:48  |w 2026-02-24